000 00841nam a2200265Ia 4500
003 OSt
005 20220928113712.0
006 a|||||r|||| 00| 0
007 ta
008 220927b |||||||| |||| 00| 0 eng d
024 _a70958
037 _cTextual
040 _aSDCL
_cSDCL
_beng
041 _2eng
_aeng
082 _aX:77.43'N, N9
100 _aSteen Burton Ed.
_9434555
245 0 _aInstitutions and economic change in South Asia.
260 _aNew Delhi
_bOxford University Press
_c1999
300 _avii,314p
_ccm.
490 _aSOAS studies on South Asia understandings and perspectives series.
650 _aEconomic Development Asia
_9393216
700 _a Subrahmanyam Sanjay Ed.
_9434556
942 _hX:77.43'N, N9
_cTEXL
_2CC
999 _c750874
_d750874